000
00513nam a2200193Ia 4500
008
090124s9999 xx 000 0 und d
082
_b
305723
100
_a
किणीकर रॉय
245
_a
कोनार्क
250
_a
1
260
_c
2007
300
_a
123
600
_a
किणीकर रॉय
630
_a
कोनार्क
700
_a
किणीकर रॉय
700
_a
किणीकर अनिल
730
_a
कोनार्क
942
_c
BOOK
999
_c
195717
_d
195717